[Event "FIDE Open"]
[Site "Voronezh"]
[Date "2017.06.13"]
[Round "2.43"]
[White "Shilo, Kirill"]
[Black "Knyazev, Pavel"]
[Result "0-1"]
[WhiteElo "1882"]
[BlackElo "1628"]
[Annotator ""]
[Source ""]
[Remark ""]

1.e4 c6 2.d4 d5 3.e5 Bf5 4.Nf3 e6 5.Be2 Ne7 6.O-O c5 7.Be3 c4
8.b3 cxb3 9.axb3 Nec6 10.c4 Nb4 11.Na3 N8c6 12.c5 a6 13.Bd2 b6
14.cxb6 Qxb6 15.Be3 Be7 16.Ne1 O-O 17.g4 Bg6 18.f4 f5 19.g5 Na5
20.Nac2 Nxc2 21.Qxc2 Rfc8 22.Qa2 Bb4 23.Nf3 Bh5 24.Rab1 Bxf3
25.Rxf3 Rc3 26.Bf2 Rxf3 27.Bxf3 Bc3 28.b4 Nc4 29.Kg2 Bxd4 30.Bxd4
Qxd4 31.Kg3 Qc3 32.Rd1 Ne3 33.Rb1 Qc2 34.Qxc2 Nxc2 35.Rb2 Nd4
36.Ra2 Nxf3 37.Kxf3 Kf7 38.Ke3 Ke7 39.b5 Kd7 40.Kd4 Ra7 41.g6
hxg6 42.bxa6 Kc6 43.Rg2 Rxa6 44.Rxg6 Kb5 45.Rxg7 Ra4+ 46.Ke3
Re4+ 47.Kf3 d4 48.Rc7 d3 49.Rc1 Kb4 50.h4 d2 51.Rd1 Kc3 52.h5
Re1 53.Rxd2 Kxd2 54.Kg2 Ra1 55.Kg3 Rh1 0-1

[Event "FIDE Open"]
[Site "Voronezh"]
[Date "2017.06.13"]
[Round "2.44"]
[White "Titov, Oleg"]
[Black "Stroganov, Andrey"]
[Result "1-0"]
[WhiteElo "1598"]
[BlackElo "1879"]
[Annotator ""]
[Source ""]
[Remark ""]

1.e4 g6 2.d4 Bg7 3.f4 d6 4.Nf3 a6 5.Nc3 Nd7 6.Bd3 b5 7.O-O Bb7
8.e5 Nh6 9.Ne4 d5 10.Neg5 e6 11.Bd2 c5 12.c3 O-O 13.Be1 Rc8 14.Bh4
Qe8 15.Qe2 Nb6 16.Bf2 Na4 17.Rfc1 cxd4 18.Bxd4 Nf5 19.Bxf5 gxf5
20.Qf2 Qe7 21.b4 h6 22.Nh3 Rc6 23.Rc2 Rfc8 24.Rac1 Qc7 25.Qd2
Bf8 26.a3 a5 27.Ne1 axb4 28.axb4 Ra8 29.Qe2 Nb6 30.g4 Qe7 31.Qf3
Bg7 32.Rg2 Nd7 33.Qg3 f6 34.exf6 Nxf6 35.gxf5 exf5 36.Qd3 Re6
37.Nf3 Re4 38.Ne5 Kh7 39.Kh1 Ng4 40.Nxg4 fxg4 41.Rxg4 Bxd4 42.cxd4
Bc8 43.Rg3 Bf5 44.Qc3 Rd8 45.Rcg1 Rd7 46.Qc8 Qe8 47.Qc2 Rf7 48.Qg2
Ree7 49.Nf2 Qf8 50.Rg8 Rg7 51.Rxf8 Rxg2 52.Kxg2 Rg7+ 53.Kf1 1-0

[Event "FIDE Open"]
[Site "Voronezh"]
[Date "2017.06.13"]
[Round "2.45"]
[White "Vlasova, Zlata"]
[Black "Elkina, Yuliya"]
[Result "0-1"]
[WhiteElo "1819"]
[BlackElo "1591"]
[Annotator ""]
[Source ""]
[Remark ""]

1.d4 e6 2.c4 f5 3.Nc3 Bb4 4.e3 Nf6 5.Bd3 b6 6.Nge2 Bb7 7.f3 O-O
8.O-O Nc6 9.a3 Bxc3 10.Nxc3 a5 11.b3 Kh8 12.Bb2 f4 13.d5 exd5
14.cxd5 Ne5 15.exf4 Nxd3 16.Qxd3 Ba6 17.Nb5 c6 18.dxc6 dxc6 19.Qxd8
Raxd8 20.Bxf6 gxf6 21.Rfc1 cxb5 22.Rc6 Rb8 23.Re1 Kg7 24.Re7+
Rf7 25.Ree6 Bc8 26.Re8 Bd7 27.Rxb8 Bxc6 28.Rxb6 Rc7 29.Kf2 Kf7
30.Ke3 Ke7 31.Kd4 Kd6 32.a4 bxa4 33.bxa4 Rb7 34.Rxb7 Bxb7 35.Kc4
Bc6 36.h4 Bxa4 37.g4 Bd1 0-1

[Event "FIDE Open"]
[Site "Voronezh"]
[Date "2017.06.13"]
[Round "2.46"]
[White "Sych, Alina"]
[Black "Teryaeva, Valeria"]
[Result "0-1"]
[WhiteElo "1557"]
[BlackElo "1814"]
[Annotator ""]
[Source ""]
[Remark ""]

1.e4 c5 2.Nf3 e6 3.d4 cxd4 4.Nxd4 Nf6 5.f3 Nc6 6.Be3 Be7 7.Be2
O-O 8.O-O d5 9.exd5 Nxd5 10.Nxc6 bxc6 11.Bf2 Bf6 12.c3 Rb8 13.Qc2
Qc7 14.Nd2 Be5 15.g3 f5 16.f4 Bf6 17.Bc5 Rd8 18.Bf3 Ba6 19.Rfe1
e5 20.fxe5 Bxe5 21.Qxf5 Bxg3 22.Be4 Nf6 23.Qe6+ Kh8 24.hxg3 Qxg3+
25.Bg2 Rxd2 26.Qh3 Qg6 27.b3 Rbd8 28.Bd4 Nd5 29.Kh1 Nf4 30.Qf3
Qh6+ 31.Kg1 Rxg2+ 32.Qxg2 Nxg2 33.Re7 Rg8 34.Rf1 Bxf1 35.Kxf1
Qc1+ 36.Kf2 Rf8+ 0-1

[Event "FIDE Open"]
[Site "Voronezh"]
[Date "2017.06.13"]
[Round "2.47"]
[White "Savoskin, Vladimir"]
[Black "Belov, Yury"]
[Result "1-0"]
[WhiteElo "1810"]
[BlackElo "1567"]
[Annotator ""]
[Source ""]
[Remark ""]

1.e4 c5 2.Nf3 e6 3.d4 cxd4 4.Nxd4 a6 5.a4 Bc5 6.Nb3 Ba7 7.Be2
Qh4 8.O-O b5 9.axb5 axb5 10.Nc3 Nc6 11.Nxb5 Bb8 12.g3 Qxe4 13.Rxa8
Bb7 14.Rxb8+ Nxb8 15.Nd6+ Ke7 16.Nxe4 Bxe4 17.Qd4 1-0

[Event "FIDE Open"]
[Site "Voronezh"]
[Date "2017.06.13"]
[Round "2.48"]
[White "Kuzminykh, Nikita"]
[Black "Mezhov, Dmitriy"]
[Result "0-1"]
[WhiteElo "1511"]
[BlackElo "1809"]
[Annotator ""]
[Source ""]
[Remark ""]

1.e4 c5 2.Nf3 e6 3.c3 d5 4.exd5 Qxd5 5.d4 Nc6 6.Be3 cxd4 7.cxd4
Nf6 8.Nc3 Qa5 9.Bc4 Bb4 10.Qc2 b5 11.Bb3 Bb7 12.O-O Ne7 13.Nxb5
Rc8 14.Qd3 Ba6 15.a4 O-O 16.Rac1 Nf5 17.Bc4 Rxc4 18.Qxc4 Nxe3
19.fxe3 Qxa4 20.Nc3 Qa5 21.Qb3 Bxf1 22.Kxf1 Rc8 23.Ne5 g6 24.Kg1
Bxc3 25.bxc3 Nd5 26.Rf1 Nxe3 27.Nxf7 Nxf1 28.Qxe6 Rc7 29.Ne5+
Kg7 30.Kxf1 Qa1+ 31.Kf2 Qb2+ 32.Kg3 Rxc3+ 33.Nf3 Qb8+ 34.Kf2
Rc2+ 35.Kg1 Qc7 36.d5 Qb6+ 37.Qxb6 axb6 38.Ne5 b5 39.Nc6 Rd2
40.Kf1 Kf6 41.h3 Rxd5 0-1

[Event "FIDE Open"]
[Site "Voronezh"]
[Date "2017.06.13"]
[Round "2.49"]
[White "Stepanischev, Gregory"]
[Black "Moiseeva, Polina"]
[Result "1-0"]
[WhiteElo "1799"]
[BlackElo "1547"]
[Annotator ""]
[Source ""]
[Remark ""]

1.d4 Nf6 2.Nf3 e6 3.c4 Bb4+ 4.Bd2 Qe7 5.a3 Bxd2+ 6.Qxd2 b6 7.g3
Bb7 8.Bg2 d6 9.Nc3 O-O 10.Qc2 e5 11.d5 Nbd7 12.O-O a6 13.Rac1
Rfe8 14.e4 Nf8 15.Nh4 Bc8 16.h3 Ng6 17.Nf5 Bxf5 18.exf5 Nf8 19.Rfe1
Qd7 20.b4 e4 21.g4 h5 22.Nxe4 Nxe4 23.Rxe4 Rxe4 24.Bxe4 hxg4
25.hxg4 Qe7 26.Kg2 Re8 27.Bf3 Nh7 28.c5 bxc5 29.bxc5 Ng5 30.cxd6
cxd6 31.Qd3 a5 32.Rc2 Qf6 33.Re2 Rc8 34.Rc2 Rxc2 35.Qxc2 Qh6
36.Bd1 Qh3+ 37.Kg1 Qxa3 38.Qc8+ Kh7 39.f6 Nh3+ 40.Kh2 Qa1 41.Bc2+
g6 42.Kxh3 Qh1+ 43.Kg3 Qg1+ 44.Kf3 Qh1+ 45.Ke2 Qxd5 46.Qc3 Qe6+
47.Kf3 Qd5+ 48.Kf4 1-0

[Event "FIDE Open"]
[Site "Voronezh"]
[Date "2017.06.13"]
[Round "2.50"]
[White "Osipyan, Grigor"]
[Black "Pikalova, Sofya"]
[Result "0-1"]
[WhiteElo "1452"]
[BlackElo "1792"]
[Annotator ""]
[Source ""]
[Remark ""]

1.e4 c5 2.c3 Nf6 3.e5 Nd5 4.d4 cxd4 5.cxd4 d6 6.Nf3 Nc6 7.Bb5
Qa5+ 8.Nc3 Nxc3 9.Bxc6+ bxc6 10.Qd2 Bg4 11.Qxc3 Qxc3+ 12.bxc3
Bxf3 13.gxf3 dxe5 14.dxe5 e6 15.Rb1 Bc5 16.Rg1 g6 17.Ke2 O-O-O
18.Rg4 Rd5 19.Re4 Rhd8 20.Bg5 R8d7 21.Kf1 Bb6 22.Kg2 Bc7 23.Rbe1
Rc5 24.c4 f5 25.Be3 Ra5 26.Rd4 Rxd4 27.Bxd4 Rxa2 28.Ra1 Rxa1
29.Bxa1 Kb7 30.Bd4 Bb6 31.c5 Bd8 32.f4 Ka6 33.Be3 Kb5 34.Bc1
a5 35.Kf3 Be7 36.Ba3 Bxc5 37.Bb2 a4 0-1

[Event "FIDE Open"]
[Site "Voronezh"]
[Date "2017.06.13"]
[Round "2.51"]
[White "Kuzmin, Vitaly"]
[Black "Ismailov, Samir"]
[Result "0-1"]
[WhiteElo "1770"]
[BlackElo "1517"]
[Annotator ""]
[Source ""]
[Remark ""]

1.d4 Nf6 2.Nf3 e6 3.Bf4 Nc6 4.h3 h6 5.e3 d5 6.Be2 Bb4+ 7.c3 Bd6
8.Ne5 Bd7 9.Nxd7 Qxd7 10.Bxd6 Qxd6 11.O-O O-O 12.a3 e5 13.dxe5
Nxe5 14.Qb3 b6 15.Rd1 Rad8 16.Nd2 Qe6 17.Rac1 c5 18.Nf3 Rd6 19.Re1
Rfd8 20.Rcd1 Nxf3+ 21.Bxf3 Ne4 22.Qc2 Ng5 23.Bg4 Qf6 24.Qf5 Qe7
25.Qc2 Rf6 26.Re2 Ne4 27.Bf3 Rg6 28.Bxe4 dxe4 29.Rxd8+ Qxd8 30.Rd2
Qh4 31.Rd5 Qxh3 32.Qxe4 Qc8 33.Qd3 Qg4 34.Rd8+ Kh7 35.g3 f5 36.Qd7
Qe4 37.Re8 Qf3 38.Qd8 Rf6 39.Rh8+ Kg6 40.Qe8+ Kg5 41.Rg8 Kg4
42.Qa8 Rc6 43.Rxg7+ Kh3 0-1

[Event "FIDE Open"]
[Site "Voronezh"]
[Date "2017.06.13"]
[Round "2.52"]
[White "Smaleva, Stanislava"]
[Black "Smirnov, Mark A."]
[Result "0-1"]
[WhiteElo "1446"]
[BlackElo "1762"]
[Annotator ""]
[Source ""]
[Remark ""]

1.e4 c5 2.Nf3 d6 3.d4 cxd4 4.Nxd4 Nf6 5.Nc3 g6 6.Be3 Bg7 7.f3
O-O 8.Qd2 Nc6 9.g4 Be6 10.Nxe6 fxe6 11.h4 Ne5 12.Be2 Qc8 13.O-O-O
Nc4 14.Bxc4 Qxc4 15.Bh6 b5 16.Bxg7 Kxg7 17.Kb1 Rac8 18.Rc1 a5
19.h5 a4 20.Ne2 e5 21.hxg6 hxg6 22.Qh6+ Kf7 23.Qd2 Rh8 24.Ng3
Rxh1 25.Rxh1 a3 26.b3 Qc3 27.Qxc3 Rxc3 28.Rf1 Ke6 29.Ne2 Re3
30.Nc1 Nh7 31.Nd3 Ng5 32.Ne1 d5 33.exd5+ Kxd5 34.Kc1 e4 35.Kd2
Kd4 36.c3+ Rxc3 37.Nc2+ Rxc2+ 38.Kxc2 exf3 39.Kd2 Ne4+ 40.Ke1
Ke3 41.Rh1 f2+ 42.Kd1 Ng3 0-1

[Event "FIDE Open"]
[Site "Voronezh"]
[Date "2017.06.13"]
[Round "2.53"]
[White "Karpuzov, Georgiy"]
[Black "Volovich, Evgeny"]
[Result "0-1"]
[WhiteElo "1755"]
[BlackElo "1353"]
[Annotator ""]
[Source ""]
[Remark ""]

1.e4 e6 2.d4 d5 3.Nd2 Nc6 4.c3 e5 5.exd5 Qxd5 6.dxe5 Qxe5+ 7.Qe2
Be6 8.Qxe5 Nxe5 9.Ngf3 Nxf3+ 10.Nxf3 Bc5 11.Be2 Nf6 12.Bg5 Ne4
13.Bh4 f6 14.Bb5+ Kf7 15.Ba4 Rad8 16.Bb3 Bxb3 17.axb3 g5 18.Bg3
g4 19.Nd4 Nxg3 20.hxg3 Bxd4 21.cxd4 Rxd4 22.O-O a6 23.Rfc1 c6
24.Rc4 Rxc4 25.bxc4 Rd8 26.c5 Rd4 27.Rb1 Rb4 28.Kf1 Ke6 29.Ke2
Kd5 30.Kd3 Kxc5 31.Kc3 Re4 32.Kd3 Rd4+ 33.Ke3 Kd5 34.Rh1 Rb4
35.Rxh7 Rxb2 36.Rd7+ Ke6 37.Rg7 f5 38.Rc7 a5 39.Rc8 a4 40.Ra8
b5 0-1

[Event "FIDE Open"]
[Site "Voronezh"]
[Date "2017.06.13"]
[Round "2.54"]
[White "Smaleva, Veronika"]
[Black "Koshelev, Vladimir"]
[Result "0-1"]
[WhiteElo "1163"]
[BlackElo "1725"]
[Annotator ""]
[Source ""]
[Remark ""]

1.e4 d6 2.d4 Nf6 3.Nc3 c6 4.Nf3 Bg4 5.Be3 Qa5 6.Bd2 Qc7 7.h3
Bxf3 8.Qxf3 Nbd7 9.Bc4 e5 10.Be3 b5 11.Bd3 exd4 12.Bxd4 Ne5 13.Bxe5
dxe5 14.O-O Bb4 15.Ne2 Qe7 16.Ng3 g6 17.Rfd1 O-O 18.c3 Ba5 19.Bc2
h5 20.Nf1 Kg7 21.Ne3 Bb6 22.Qg3 Bxe3 23.Qxe3 h4 24.Qd3 Rfd8 25.Qe3
Nh5 26.Qf3 Qg5 27.Qg4 Qxg4 28.hxg4 Nf4 29.Rxd8 Rxd8 30.Rd1 Rxd1+
31.Bxd1 Kf6 32.f3 c5 33.Kh2 Kg5 34.g3 hxg3+ 35.Kxg3 a5 36.a3
Kf6 37.Kf2 Nd3+ 38.Ke3 Nxb2 39.Be2 c4 40.Kd2 Na4 41.Ke3 Nxc3
42.Kd2 Nxe2 43.Kxe2 b4 0-1

[Event "FIDE Open"]
[Site "Voronezh"]
[Date "2017.06.13"]
[Round "2.55"]
[White "Rtischev, Maksim"]
[Black "Stroganova, Karina"]
[Result "0-1"]
[WhiteElo "1132"]
[BlackElo "1711"]
[Annotator ""]
[Source ""]
[Remark ""]

1.d4 d5 2.c4 Bf5 3.Nc3 e6 4.Nf3 Nf6 5.Bg5 c6 6.e3 h6 7.Bh4 Be7
8.Bd3 dxc4 9.Bxc4 Qb6 10.Qb3 Nbd7 11.O-O Rd8 12.Rfe1 Qc7 13.Bg3
Qc8 14.e4 Bh7 15.d5 Nc5 16.Qc2 cxd5 17.Bd3 dxe4 18.Bb5+ Kf8 19.Ne5
a6 20.Bc4 b5 21.Be2 Bd6 22.f4 exf3 23.Bxf3 Bxc2 0-1

[Event "FIDE Open"]
[Site "Voronezh"]
[Date "2017.06.13"]
[Round "2.57"]
[White "Ternovskiy, Alexey"]
[Black "Mikhalenko, Ivan"]
[Result "1-0"]
[WhiteElo "1707"]
[BlackElo "1137"]
[Annotator ""]
[Source ""]
[Remark ""]

1.Nf3 Nc6 2.d4 d5 3.c4 e6 4.e3 Nf6 5.Nbd2 g6 6.a3 Bg7 7.Bd3 O-O
8.O-O Re8 9.cxd5 exd5 10.Qc2 Qd6 11.b4 a6 12.Bb2 Ng4 13.h3 Nh6
14.Nb3 b6 15.Rac1 Bb7 16.b5 axb5 17.Bxb5 Re6 18.Ng5 Rf6 19.e4
Rf4 20.Bxc6 Bxc6 21.e5 Qd7 22.Qxc6 Qxc6 23.Rxc6 f6 24.Ne6 Rf5
25.Rxc7 fxe5 26.Rxg7+ Kh8 27.Rd7 1-0

[Event "FIDE open"]
[Site "?"]
[Date "2017.06.13"]
[Round "2.1"]
[White "Pavlova, Natalia"]
[Black "Manukovsky, Vladimir"]
[Result "0-1"]
[WhiteElo "1954"]
[BlackElo "2200"]
[Annotator ""]
[Source ""]
[Remark ""]

1.Nf3 c5 2.c4 Nc6 3.Nc3 g6 4.e3 Bg7 5.d4 cxd4 6.exd4 Nf6 7.d5
Nb4 8.Be2 O-O 9.O-O d6 10.Be3 Ng4 11.Bd4 Ne5 12.Ne1 b6 13.f4
Nd7 14.Bxg7 Kxg7 15.Qd4+ Kg8 16.a3 Na6 17.b4 Nf6 18.Nc2 Bg4 19.Bd3
Bd7 20.Ne3 Nc7 21.f5 Nce8 22.Rf3 Rc8 23.Qh4 b5 24.Rh3 bxc4 25.Bc2
Qb6 26.Kh1 Kh8 27.Rd1 Rg8 28.Ne4 Rg7 29.Ng5 c3 30.g4 Qa6 31.Qh6
Ba4 32.Bxa4 Qxa4 33.fxg6 fxg6 34.Ne6 Nxg4 35.Qf4 Nef6 36.Nxg7
Nxe3 37.Rg1 Nexd5 38.Qh6 Qc6 39.Rf3 c2 40.Ne6 Rg8 41.Nf8 g5 42.Rc1
Nf4 43.Rcf1 c1Q 0-1

[Event "FIDE open"]
[Site "?"]
[Date "2017.06.13"]
[Round "2.2"]
[White "Ponomariov, Timur"]
[Black "Rozmanov, Aleksandr"]
[Result "1-0"]
[WhiteElo "2196"]
[BlackElo "1928"]
[Annotator ""]
[Source ""]
[Remark ""]

1.e4 e5 2.Nf3 Nc6 3.Bb5 a6 4.Ba4 Nf6 5.O-O b5 6.Bb3 Bc5 7.Nxe5
Nxe5 8.d4 Bxd4 9.Qxd4 d6 10.c3 c5 11.Qe3 O-O 12.Nd2 Re8 13.Nf3
Neg4 14.Qd2 Bb7 15.Ng5 c4 16.Bd1 h6 17.Bxg4 Nxg4 18.Nh3 Bxe4
19.f3 Bd3 20.fxg4 Bxf1 21.Kxf1 Qh4 22.Qd1 f5 23.g5 hxg5 24.Qd5+
Kh8 25.Bxg5 Qg4 26.Rd1 Qe2+ 27.Kg1 Rac8 28.Nf4 Qg4 29.h4 Rc5
30.Qxd6 Rc6 31.Qd7 Kh7 32.Rf1 Rec8 33.Ne6 1-0

[Event "FIDE open"]
[Site "?"]
[Date "2017.06.13"]
[Round "2.3"]
[White "Matveenko, Yury"]
[Black "Shishkin, Aleksey A."]
[Result "1/2-1/2"]
[WhiteElo "1928"]
[BlackElo "2191"]
[Annotator ""]
[Source ""]
[Remark ""]

1.Nf3 e6 2.g3 Nf6 3.Bg2 b6 4.Ne5 c6 5.d4 Bb7 6.c4 d6 7.Nd3 d5
8.cxd5 cxd5 9.Nc3 Nc6 10.e3 Be7 11.O-O O-O 12.Bd2 Ba6 13.Qb1
Rc8 14.Rd1 Qc7 15.Bf1 Qb7 16.Nf4 Bxf1 17.Rxf1 Na5 18.b3 Bb4 19.Qd3
Ba3 20.Nb5 Be7 21.Rfc1 a6 22.Nc3 Ba3 23.Rd1 Nc6 24.Bc1 Bd6 25.Bb2
Rc7 26.Rac1 Rfc8 27.f3 Nb8 28.Nce2 Rxc1 29.Rxc1 Rxc1+ 30.Bxc1
Qc6 31.Qc3 Qxc3 32.Nxc3 Kf8 33.Nd3 Ke8 34.Na4 Nbd7 35.Kf2 Kd8
36.Ke2 Kc7 37.Bd2 b5 38.Nc3 Nb8 39.Be1 Nc6 40.h3 Kb7 41.g4 Nb4 1/2-1/2

[Event "FIDE open"]
[Site "?"]
[Date "2017.06.13"]
[Round "2.4"]
[White "Provkin, Vladimir"]
[Black "Nakonechny, Ignat"]
[Result "1-0"]
[WhiteElo "2163"]
[BlackElo "1893"]
[Annotator ""]
[Source ""]
[Remark ""]

1.d4 Nf6 2.Bg5 e6 3.e4 h6 4.Bxf6 Qxf6 5.c3 d6 6.Nd2 g6 7.Bc4
Bg7 8.h4 Nd7 9.h5 g5 10.Ne2 a6 11.a4 b6 12.Ng3 O-O 13.O-O Rb8
14.Qe2 Qf4 15.Rad1 c5 16.d5 exd5 17.Bxd5 Nf6 18.Qd3 Bg4 19.Ne2
Qe5 20.Nc4 Qe7 21.f3 Bxh5 22.Nxd6 Bg6 23.Ng3 Rfd8 24.Ngf5 Qe5
25.Nc4 Qc7 26.Nce3 Nh5 27.Qc2 Ng3 28.Nxg3 Qxg3 29.Qf2 Qc7 30.g3
Kh7 31.f4 f6 32.Rd2 Re8 33.e5 f5 34.Rfd1 h5 35.Bf3 Qf7 36.Rd6
h4 37.Bd5 Qf8 38.Bc6 Red8 39.Rd7 Rxd7 40.Bxd7 hxg3 41.Qxg3 gxf4
42.Qh3+ Bh6 43.Nxf5 Rd8 44.Rd6 Bxf5 45.Bxf5+ Kg8 46.Qxh6 Qxh6
47.Rxh6 Rd2 48.Rxb6 Kf7 49.Rb7+ Ke8 50.e6 f3 51.Bg6+ Kd8 52.e7+
Kc8 53.Be4 Rg2+ 54.Kf1 Rg8 55.Ra7 1-0

[Event "FIDE open"]
[Site "?"]
[Date "2017.06.13"]
[Round "2.5"]
[White "Piskov, Vladimir A."]
[Black "Peschansky, Mikhail"]
[Result "0-1"]
[WhiteElo "1909"]
[BlackElo "2162"]
[Annotator ""]
[Source ""]
[Remark ""]

1.d4 d5 2.Nf3 Nf6 3.g3 g6 4.Bg2 Bg7 5.O-O O-O 6.c4 c6 7.b3 h6
8.Bb2 Be6 9.Nbd2 Nbd7 10.Re1 Ne4 11.e3 f5 12.Rc1 Bf7 13.Qc2 e6
14.Qb1 Qe7 15.Rc2 g5 16.Qc1 Rfe8 17.Ne5 Nxe5 18.dxe5 g4 19.h4
Bg6 20.Ba3 Qf7 21.Nxe4 fxe4 22.Bd6 Qf5 23.Qb2 Red8 24.Qa3 Rd7
25.Rd1 Bxe5 26.Bxe5 Qxe5 27.Qc5 Qd6 28.Qa5 Qe7 29.Rcd2 a6 30.Qc3
Qg7 31.Qb4 a5 32.Qa3 Qc3 33.Rd4 e5 34.R4d2 d4 35.Qc5 d3 36.Kf1
Kf7 37.Ke1 Ke6 38.Qa3 a4 39.Rb1 Rdd8 40.Qc5 axb3 41.a3 b2 42.Qb4
Qc1+ 43.Rd1 d2+ 44.Ke2 Qc2 45.f4 exf3+ 46.Kf2 Qxb1 47.Rxb1 Bxb1 0-1

[Event "FIDE open"]
[Site "?"]
[Date "2017.06.13"]
[Round "2.6"]
[White "Puchko, Nikolay"]
[Black "Filippov, Vladimir"]
[Result "0-1"]
[WhiteElo "2154"]
[BlackElo "1882"]
[Annotator ""]
[Source ""]
[Remark ""]

1.e4 g6 2.d4 Bg7 3.Nc3 d6 4.g3 Nf6 5.Bg2 O-O 6.h3 c5 7.dxc5 dxc5
8.Qxd8 Rxd8 9.e5 Nfd7 10.Nd5 Nc6 11.f4 Nb6 12.Ne3 f6 13.Bxc6
bxc6 14.Nf3 Be6 15.exf6 exf6 16.f5 Bf7 17.b3 c4 18.Bb2 cxb3 19.axb3
Nd5 20.Kf2 Nxe3 21.Kxe3 Rd5 22.c4 Rxf5 23.g4 Bh6+ 24.Kf2 Rc5
25.Bd4 Bf8 26.Bxc5 Bxc5+ 27.Kg3 Rb8 28.Rab1 g5 29.Rhd1 Bg6 30.Rb2
Ba3 31.Rbd2 Rxb3 32.Rd8+ Kg7 33.R8d7+ Kh6 34.Kf2 Bc5+ 35.Nd4
Rc3 36.Ke2 Rxc4 37.Nf5+ Bxf5 38.gxf5 Re4+ 39.Kf3 Rf4+ 40.Kg2
Rxf5 41.Rc7 Rf2+ 42.Kg3 Rc2 43.Kg4 Rf2 44.Rxc6 Rf4+ 45.Kg3 Bb6
46.Rdd6 Kg6 47.Re6 h5 48.Kg2 g4 49.hxg4 hxg4 50.Re8 Kf5 51.Rh8
Rf2+ 52.Kg3 Rf3+ 53.Kg2 Bd4 54.Rc4 Be5 55.Rh5+ Ke6 56.Rxg4 Rb3
57.Ra4 Rb7 58.Ra6+ Kd7 59.Kf3 Kc7 60.Rh7+ Kb8 61.Rh8+ Kc7 62.Re6
Rb3+ 63.Ke4 Rb4+ 64.Kd5 Rd4+ 65.Kc5 Rd7 66.Rh1 Bd4+ 67.Kb5 Be5
68.Rb1 Rd5+ 69.Kc4 Rd7 70.Ra6 Kd8 71.Rh1 Kc8 72.Kc5 Rc7+ 73.Kd5
Rd7+ 74.Ke6 Rc7 75.Rb1 Rb7 76.Rc1+ Kb8 77.Kd5 Rd7+ 78.Ke6 Rb7
79.Ra5 Rb6+ 80.Kd5 Kb7 81.Rc2 a6 82.Rac5 Rd6+ 83.Ke4 Rb6 84.Rg2
Rb4+ 85.Kd5 Rd4+ 86.Ke6 Rd6+ 87.Ke7 Rb6 88.Rg7 Rc6 89.Rd5 Rc7+
90.Rd7 Rxd7+ 91.Kxd7 Kb6 92.Rg1 a5 93.Ke6 a4 94.Kd5 a3 95.Rg2
Kb5 96.Ke4 Kc4 97.Rf2 Bb2 98.Kf5 Kb3 99.Rf3+ Bc3 100.Rf4 0-1

[Event "FIDE open"]
[Site "?"]
[Date "2017.06.13"]
[Round "2.7"]
[White "Sokolovsky, Victor"]
[Black "Palkovich, Denis"]
[Result "1-0"]
[WhiteElo "1896"]
[BlackElo "2147"]
[Annotator ""]
[Source ""]
[Remark ""]

1.e4 d5 2.exd5 Qxd5 3.Nc3 Qa5 4.Nf3 Nf6 5.Bc4 Nc6 6.O-O Bg4 7.d3
Nd4 8.Be3 Nxf3+ 9.gxf3 Bh3 10.Re1 e6 11.f4 O-O-O 12.Nb5 a6 13.b4
Bxb4 14.c3 axb5 15.cxb4 Qa6 16.Bb3 Qd6 17.Bc2 Qxb4 18.a4 c6 19.Rb1
Qd6 20.axb5 Qd5 21.f3 cxb5 22.Ba4 Qa2 23.Bc2 Nd5 24.Rxb5 Nxe3
25.Rxe3 Qa7 26.Qe1 Rd6 27.Kh1 Rhd8 28.Ree5 Qd4 29.Rb4 Qa7 30.Rc4+
Rc6 31.Ra5 Qb8 32.Qe4 Qc7 33.Ra8+ Kd7 34.Rd4+ Rd6 35.Rxd6+ Qxd6
36.Qxb7+ Ke8 37.Ba4+ Kf8 38.Ra7 1-0

[Event "FIDE open"]
[Site "?"]
[Date "2017.06.13"]
[Round "2.8"]
[White "Maratkanov, Evgeny"]
[Black "Natarov, Ilya"]
[Result "1-0"]
[WhiteElo "2145"]
[BlackElo "1881"]
[Annotator ""]
[Source ""]
[Remark ""]

1.Nf3 d5 2.g3 c6 3.Bg2 Nf6 4.c4 dxc4 5.Qc2 b5 6.b3 cxb3 7.axb3
Bb7 8.O-O e6 9.d4 Nbd7 10.Ne1 Be7 11.Nd3 O-O 12.Ba3 a5 13.Bxe7
Qxe7 14.Nd2 Nd5 15.Bxd5 cxd5 16.Qc7 Bc8 17.Rxa5 Rxa5 18.Qxa5
e5 19.dxe5 Nxe5 20.Nxe5 Qxe5 21.Qxb5 Bg4 22.Nf3 Bxf3 23.exf3
Rb8 24.Qd3 Qb2 25.Rb1 Qa2 26.Re1 Qa5 27.Re7 g6 28.Rd7 Rd8 29.Rxd8+
Qxd8 30.Qd4 Qd7 31.b4 h5 32.Kf1 Qf5 33.Ke2 Qc2+ 34.Ke3 Qc1+ 35.Qd2
Qc4 36.Qd4 Qc1+ 37.Ke2 Qc2+ 38.Kf1 Qf5 39.Kg2 Qd7 40.g4 hxg4
41.fxg4 Kh7 42.h4 f5 43.g5 f4 44.Qxf4 d4 45.Qe4 d3 46.h5 d2 47.Qxg6+
Kh8 48.Qf6+ Kg8 49.Qg6+ Kf8 50.Qf6+ Ke8 51.Qh8+ Ke7 52.Qf6+ Ke8
53.Qh8+ Ke7 54.Qf6+ Ke8 55.Qh8+ Ke7 56.Qf6+ 1-0

[Event "FIDE open"]
[Site "?"]
[Date "2017.06.13"]
[Round "2.9"]
[White "Presnyakov, Kirill"]
[Black "Yashmetov, Nikolay"]
[Result "0-1"]
[WhiteElo "1876"]
[BlackElo "2127"]
[Annotator ""]
[Source ""]
[Remark ""]

1.d4 Nf6 2.c4 e6 3.Nf3 b6 4.g3 Ba6 5.Qc2 Bb7 6.Bg2 c5 7.O-O Nc6
8.Qd1 Nxd4 9.Nxd4 Bxg2 10.Nxe6 fxe6 11.Kxg2 Be7 12.Nc3 O-O 13.e4
Qc7 14.Bf4 Qc6 15.Qe2 d6 16.Kg1 Nd7 17.Rad1 Ne5 18.Bxe5 dxe5
19.Rd3 a6 20.a4 Rad8 21.Rfd1 Rd4 22.b3 Rfd8 23.Rxd4 cxd4 24.Na2
Rb8 25.f4 Bc5 26.Qd3 exf4 27.gxf4 Rf8 28.b4 Be7 29.Qxd4 Rxf4
30.Re1 Bh4 31.Re2 Qe8 32.Rg2 Qf8 33.h3 Rf1+ 34.Kh2 Qf4+ 0-1

[Event "FIDE open"]
[Site "?"]
[Date "2017.06.13"]
[Round "2.10"]
[White "Khajrutdinov, Ildar"]
[Black "Perch, Sofya"]
[Result "1-0"]
[WhiteElo "2087"]
[BlackElo "1874"]
[Annotator ""]
[Source ""]
[Remark ""]

1.d4 d5 2.c4 e6 3.Nf3 Nf6 4.g3 Be7 5.Bg2 O-O 6.O-O h6 7.Qc2 c6
8.Nbd2 Nbd7 9.e4 dxe4 10.Nxe4 Nxe4 11.Qxe4 Nf6 12.Qe2 c5 13.Rd1
Qc7 14.Bf4 Qb6 15.dxc5 Bxc5 16.Ne5 Bd4 17.Rd2 Bxe5 18.Bxe5 Nd7
19.Bc3 e5 20.Rad1 Nf6 21.Qxe5 Re8 22.Qf4 Nh5 23.Qh4 Qg6 24.Rd6
Be6 25.Bxb7 Rab8 26.Bd5 Rb6 27.Rxb6 axb6 28.Re1 Nf6 29.Bxf6 Qxf6
30.Qxf6 gxf6 31.Re3 Kf8 32.Bxe6 fxe6 33.Rb3 Rb8 34.Rb5 Ra8 35.Rxb6
Rxa2 36.Rxe6 Rxb2 37.Rxf6+ Kg7 38.Rc6 1-0

[Event "FIDE open"]
[Site "?"]
[Date "2017.06.13"]
[Round "2.11"]
[White "Kozlov, Sergej A."]
[Black "Stepanyan, Eva"]
[Result "1-0"]
[WhiteElo "2072"]
[BlackElo "1856"]
[Annotator ""]
[Source ""]
[Remark ""]

1.d4 Nf6 2.c4 e6 3.Nf3 b6 4.g3 Bb7 5.Bg2 Be7 6.O-O O-O 7.Nc3
d5 8.cxd5 exd5 9.Ne5 Na6 10.a3 c5 11.Qd3 Re8 12.e3 Nc7 13.Rd1
cxd4 14.exd4 Bd6 15.Bf4 h6 16.Qf5 Bc8 17.Qc2 Bb7 18.Re1 Ne6 19.Rad1
Nxf4 20.gxf4 Qc8 21.Qd3 Qg4 22.Nxg4 1-0

[Event "FIDE open"]
[Site "?"]
[Date "2017.06.13"]
[Round "2.12"]
[White "Novikov, Sergey D"]
[Black "Maraktanov, Andrey"]
[Result "1-0"]
[WhiteElo "2061"]
[BlackElo "1821"]
[Annotator ""]
[Source ""]
[Remark ""]

1.d4 Nf6 2.c4 c5 3.d5 e6 4.Nc3 exd5 5.cxd5 d6 6.e4 a6 7.a4 g6
8.Be2 Bg7 9.Nf3 Bg4 10.Nd2 Bxe2 11.Qxe2 O-O 12.Nc4 Qe7 13.O-O
Nbd7 14.Bf4 Ne8 15.Rfe1 Ne5 16.Nb6 Rd8 17.Bg3 g5 18.Nd1 Bf6 19.Ne3
Ng7 20.a5 Rfe8 21.Qd2 h5 22.f4 gxf4 23.Bxf4 Ng6 24.Nf5 Nxf5 25.exf5
Bd4+ 26.Kh1 Ne5 27.Ra3 f6 28.Rg3+ Kf7 29.Bxe5 fxe5 30.Qh6 Rg8
31.Qh7+ Kf6 32.Rg6+ Kxf5 33.Rg7+ 1-0

[Event "FIDE open"]
[Site "?"]
[Date "2017.06.13"]
[Round "2.14"]
[White "Ter-Saakian, Grigorii"]
[Black "Kondaurov, Yury"]
[Result "0-1"]
[WhiteElo "1844"]
[BlackElo "2046"]
[Annotator ""]
[Source ""]
[Remark ""]

1.d4 Nf6 2.Nf3 c5 3.d5 e6 4.c4 exd5 5.cxd5 d6 6.Nc3 g6 7.g3 Bg7
8.Bg2 O-O 9.O-O Re8 10.Nd2 Na6 11.Nc4 Nc7 12.a4 b6 13.e4 Ba6
14.Qb3 Bxc4 15.Qxc4 a6 16.Bf4 Rb8 17.Rad1 b5 18.axb5 axb5 19.Qd3
c4 20.Qc2 Na6 21.Rfe1 Nb4 22.Qb1 Nd3 23.Rxd3 cxd3 24.Qxd3 Qd7
25.Bf1 Nh5 26.Bc1 b4 27.Ne2 Nf6 28.f3 Qb7 29.Be3 Nd7 30.Bd4 Ne5
31.Bxe5 Bxe5 32.b3 Ra8 33.f4 Bg7 34.Bg2 Ra2 35.Kf1 Qb6 36.Bf3
Rc8 37.Bg2 Rcc2 38.Qf3 Bc3 0-1

[Event "Master Open"]
[Site "Voronezh"]
[Date "2017.06.16"]
[Round "5.15"]
[White "Tsydypov, Zhamsaran"]
[Black "Zhileykin, Andrey"]
[Result "1/2-1/2"]
[WhiteElo "2511"]
[BlackElo "2225"]
[Annotator ""]
[Source ""]
[Remark ""]

1.e4 e5 2.Nf3 Nc6 3.Bb5 Nf6 4.O-O Nxe4 5.Re1 Nd6 6.Nxe5 Be7 7.Bf1
Nxe5 8.Rxe5 O-O 9.d4 Bf6 10.Re1 Re8 11.c3 Rxe1 12.Qxe1 Ne8 13.Bf4
d5 14.Bd3 g6 15.Nd2 Ng7 16.Nf3 Bf5 17.Bxf5 Nxf5 18.h3 c6 19.Ne5
Nd6 20.Ng4 Bg7 21.Qe2 Qd7 22.Nh6+ Bxh6 23.Bxh6 f6 24.Qf3 Qe6
25.Bf4 Re8 26.Qg4 Nf5 27.Bd2 Qd6 28.Re1 Rxe1+ 29.Bxe1 Kf7 30.Bd2
h5 31.Qf3 b5 32.g4 hxg4 33.hxg4 Nh4 34.Qh3 g5 35.f4 Qe7 36.Qd3
Kg7 37.Qe3 Qxe3+ 38.Bxe3 gxf4 39.Bxf4 Kf7 1/2-1/2

[Event "Master Open"]
[Site "Voronezh"]
[Date "2017.06.16"]
[Round "5.16"]
[White "Nozdrachev, Leonid"]
[Black "Rozum, Ivan"]
[Result "1-0"]
[WhiteElo "2411"]
[BlackElo "2599"]
[Annotator ""]
[Source ""]
[Remark ""]

1.e4 d6 2.d4 Nf6 3.Nc3 g6 4.Nf3 Bg7 5.Be2 O-O 6.O-O Nc6 7.h3
e6 8.Re1 b6 9.Bg5 h6 10.Bh4 g5 11.Bg3 Bb7 12.Bh2 a6 13.Qd2 b5
14.a3 Ne7 15.e5 dxe5 16.Bxe5 Ng6 17.Qe3 Nd5 18.Nxd5 Qxd5 19.c4
bxc4 20.Rac1 Bxe5 21.dxe5 Qb5 22.Bxc4 Qb6 23.Nh2 Rfd8 24.Ng4
Kg7 25.Qxb6 cxb6 26.Bxe6 Bxg2 27.Rc7 Rf8 28.Bxf7 Rxf7 29.Rxf7+
Kxf7 30.Kxg2 h5 31.Nf6 Nf4+ 32.Kg3 Kg6 33.Nd7 b5 34.h4 Nd3 35.Rd1
gxh4+ 36.Kxh4 Nxb2 37.Rd6+ Kf5 38.f3 Kf4 39.Rf6+ Ke3 40.e6 Nc4
41.e7 Re8 42.Re6+ Kf4 43.Kxh5 Nxa3 44.Kg6 b4 45.Kf7 Rxe7+ 46.Kxe7
Kxf3 47.Ne5+ 1-0